| 000 | 00848cam a22002651 4500 | ||
|---|---|---|---|
| 001 | 315460 | ||
| 005 | 20160828152026.0 | ||
| 008 | 700302t2010 si frb 001 0 eng d | ||
| 020 | _a9789814271240 | ||
| 020 | _a9814271241 | ||
| 040 |
_aDLC _cDLC _dDLC |
||
| 041 | 0 | _aengrus | |
| 082 | 0 | 4 |
_a327.2 _222 _bKLE |
| 100 |
_aKleiner, Juergen. _911947 |
||
| 245 | 1 | 0 |
_aDiplomatic Practice : _bbetween Tradition and Innovation / _cJuergen Kleiner. |
| 260 |
_aSingapore ; _aHackensack, United States ; _aLondon : _bWorld Scientefic, _cc.2010 _f(World Scientific) |
||
| 300 |
_axiv, 480 p. ; _c24 cm. |
||
| 500 | _aIncludes indexes. | ||
| 504 | _aBibliography : p. 387-392. | ||
| 504 | _aIncludes bibliographical references. | ||
| 653 |
_bBUSBOL _cMarch2014 |
||
| 655 |
_vtext book _933728 |
||
| 650 | 0 |
_911948 _aDiplomacy |
|
| 942 |
_2ddc _cBB _k327.2 KLE |
||
| 999 |
_c13520 _d13520 |
||